Online Public Access Catalog -OPAC

Laboratory practice in the study of textile materials (Record no. 23936)

MARC details
000 -LEADER
fixed length control field 00426nam a2200121Ia 4500
008 - FIXED-LENGTH DATA ELEMENTS--GENERAL INFORMATION
fixed length control field 180412s9999||||xx |||||||||||||| ||und||
020 ## - INTERNATIONAL STANDARD BOOK NUMBER
International Standard Book Number 5030001247
040 ## - CATALOGING SOURCE
Original cataloging agency Ahmadu Bello University Library - Zaria
100 ## - MAIN ENTRY--PERSONAL NAME
Personal name Koblyakov, A.
245 #0 - TITLE STATEMENT
Title Laboratory practice in the study of textile materials
Statement of responsibility, etc. edited by A. Koblyakov
260 ## - PUBLICATION, DISTRIBUTION, ETC.
Place of publication, distribution, etc. Moscow
Name of publisher, distributor, etc. Mir Publishers
Date of publication, distribution, etc. 1989
300 ## - PHYSICAL DESCRIPTION
Extent 384p.: ill., diagr., table
500 ## - GENERAL NOTE
General note Includes bibliographical references

No items available.

Customized by ICT Technical Service Unit on 29th Dec 2022

Kashim Ibrahim Library